| 000 | 00613nam a2200205Ia 4500 | ||
|---|---|---|---|
| 999 |
_c54788 _d54788 |
||
| 003 | GCL | ||
| 005 | 20240530105316.0 | ||
| 008 | 140319s9999 xx 000 0 ara d | ||
| 040 |
_aGCL / _cGCL |
||
| 082 | 0 | 4 |
_a258.995 _bع ا |
| 100 | 1 | _aعبدالعزيز شرف | |
| 245 | 1 | 0 |
_aاباطيل البهائية وبروتوكولات صهيون / _cعبدالعزيز شرف |
| 260 |
_a[S.N] : _bدار الجيل ، _c1993 |
||
| 300 | _a206 ص | ||
| 650 | 0 | 4 | _aالاسلام |
| 650 | 0 | 4 | _aالبهائية |
| 650 | 0 | 4 | _aالصهيونية |
| 650 | 0 | 4 | _aالمرأة فى الاسلام |
| 942 |
_2ddc _cBK |
||